| 000 | 00475nam a2200181Ia 4500 | ||
|---|---|---|---|
| 003 | GCL | ||
| 008 | 140319s9999 xx 000 0 eng d | ||
| 040 |
_aGCL / _cGCL |
||
| 082 | 0 | 4 |
_a822 _bM D |
| 100 | 1 | _aMEYERS, JEFFREY | |
| 245 | 1 | 0 |
_aD.H. LAWRENCE: A BIOGRAPHY / _cMEYERS, JEFFREY |
| 260 |
_a[S.N] : _bMac Millan Press ، _c1990 |
||
| 300 | _a445 P | ||
| 650 | 0 | 4 | _aLITERATURE |
| 650 | 0 | 4 | _aحفظ وصيانة الموارد |
| 650 | 0 | 4 | _aBIOGRAPHY |
| 942 |
_2ddc _cBK |
||
| 999 |
_c24440 _d24440 |
||